National Anthems Quiz Stats

 Plays Quiz Retired Jul 7, 2021

     
Support Sporcle.
Go Orange.
Score 0/20 Timer 06:00
0 Plays Today
Country Title % Correct
United StatesThe Star-Spangled Banner
76.6%
EnglandGod Save The Queen
73.9%
CanadaO Canada
73.2%
FranceLa Marseillaise
28.8%
AustraliaAdvance Australia Fair
24.3%
ScotlandFlower of Scotland
21%
IsraelHaTikvah (The Hope)
13.5%
GermanyDas Deutschlandlied
12.1%
IrelandAmhrán na bhFiann (The Soldier's Song)
10.9%
New ZealandGod Defend New Zealand
9.8%
Country Title % Correct
People's Republic of ChinaYìyǒngjūn Jìnxíngqǔ (March of the Volunteers)
9.8%
ItalyIl Canto degli Italiani (Song of the Italians)
9.1%
SpainLa Marcha Real
9%
NetherlandsHet Wilhelmus
8.9%
JapanKimi ga Yo (May Your Reign Last Forever)
8.6%
IndiaJana Gana Mana (Thou Art the Ruler of the Minds of All People)
7%
CzechiaKde domov můj? (Where Is My Home?)
4.7%
MexicoHimno Nacional Mexicano
3.7%
South AfricaNational Anthem of South Africa
3.6%
RussiaState Hymn of the Russian Federation
2.1%

From the Vault

Country by Commemorative Monument

by NO_r_WAY

History 5m
The flag might be a dead giveaway. But you know how it can be.
Remove Ads.
Support Sporcle.
Get the best of Sporcle when you Go Orange. This ad-free experience offers more features, more stats, and more fun while also helping to support Sporcle. Thank you for becoming a member.

Show Comments

Extras

Top Quizzes Today


Score Distribution

Your Account Isn't Verified!

In order to create a playlist on Sporcle, you need to verify the email address you used during registration. Go to your Sporcle Settings to finish the process.

Report this User

Report this user for behavior that violates our Community Guidelines.

Details: